000
00339nam a2200133Ia 4500
008
230411s9999 xx 000 0 und d
041
_a
eng
082
_a
X/150/CHA/B04702
100
_a
Chandorkar AG
245
_a
Art of Being a Winning Students
260
_b
Paras Publishing
_a
Hyderabad
_c
2003
300
_a
231p
999
_c
155310
_d
155310